| 000 | 00400nam a22001457a 4500 | ||
|---|---|---|---|
| 005 | 20240108112510.0 | ||
| 008 | 190405b xxu||||| |||| 00| 0 eng d | ||
| 020 | _aNO886 | ||
| 041 | _aeng | ||
| 100 |
_aGOKHALE, S.B .,KOKATE,C.K AND PUROHIT,A.P _98281 |
||
| 245 | _aA TEXT BOOK OF PHARMACOGNOSY-VI ( HARBAL. DRUG. TECHNOLOGY) | ||
| 260 |
_aPUNE _bNIRALI NPRAKASHAN |
||
| 300 | _a1.5 p, | ||
| 942 | _cBK | ||
| 999 |
_c5808 _d5806 |
||